| 000 | 01509cac a22003735a 4500 | ||
|---|---|---|---|
| 999 |
_c4021 _d4021 |
||
| 001 | 11717819 | ||
| 003 | Nust | ||
| 005 | 20190422111429.0 | ||
| 007 | m| ||||||||||||||------ | ||
| 008 | 980710s1997 xx 108 mleng | ||
| 010 | _a 98510909 | ||
| 017 |
_aPA871-871 _bU.S. Copyright Office |
||
| 020 | _a9781853262715 | ||
| 038 | _aArshad | ||
| 040 |
_aDLC _cDLC _eamim _dDLC |
||
| 041 | 1 |
_aeng _bruseng |
|
| 050 | 0 | 0 | _aCGC 6307-6312 (ref print) |
| 082 |
_a 823 _bTOL |
||
| 245 | 0 | 0 |
_aLeo Tolstoy's Anna Karenina / _cproduced by Icon Productions and Newmarket Capital Group, LP ; directed and screenplay by Bernard Rose ; produced by Bruce Davey. |
| 260 |
_aUnited States : _bWarner Brothers, _c1997. |
||
| 300 | _a813p. | ||
| 500 | _aCopyright: Icon Distribution, Inc. Appl. au.: Anna K. Production, CV. DCR 1997; PUB 4Apr97; REG 23Sep97; PA871-871. | ||
| 500 | _aIn English with some Russian & some English subtitles. | ||
| 500 | _aBased on the novel "Anna Karenina" by Leo Tolstoy. | ||
| 500 | _aSources used: copyright data sheet; Baseline data base; copyright data base. | ||
| 541 | _3ref print; | ||
| 651 |
_aFiction _9542 |
||
| 655 | 7 |
_aHistoric _vFeature. _2migfg _914137 |
|
| 655 | 7 |
_aFilm adaptations. _2lcgft _913595 |
|
| 655 | 7 |
_aRomance films. _2lcgft _913594 |
|
| 710 | 2 |
_aCopyright Collection (Library of Congress) _5DLC _9985 |
|
| 906 |
_a0 _bibc _corignew _du _encip _f19 _gy-movingim |
||
| 942 |
_2ddc _cBK |
||